The economics of public issues / (Record no. 16808)
[ view plain ]
| 000 -LEADER | |
|---|---|
| fixed length control field | 01088nam a22003375a 4500 |
| 001 - CONTROL NUMBER | |
| control field | 015876269 |
| 003 - CONTROL NUMBER IDENTIFIER | |
| control field | OSt |
| 005 - DATE AND TIME OF LATEST TRANSACTION | |
| control field | 20201128020928.0 |
| 008 - FIXED-LENGTH DATA ELEMENTS--GENERAL INFORMATION | |
| fixed length control field | 120525t2012 nju frbd 001 0 eng d |
| 020 ## - INTERNATIONAL STANDARD BOOK NUMBER | |
| International Standard Book Number | 0132827689 (pbk.) |
| 020 ## - INTERNATIONAL STANDARD BOOK NUMBER | |
| International Standard Book Number | 9780132827683 (pbk.) |
| 040 ## - CATALOGING SOURCE | |
| Original cataloging agency | EG-ScBUE |
| Language of cataloging | eng |
| Transcribing agency | EG-ScBUE |
| 082 04 - DEWEY DECIMAL CLASSIFICATION NUMBER | |
| Classification number | 330.973092 |
| Edition number | 23 |
| Item number | MIL |
| 100 1# - MAIN ENTRY--PERSONAL NAME | |
| Personal name | Miller, Roger LeRoy. |
| 9 (RLIN) | 37191 |
| 245 14 - TITLE STATEMENT | |
| Title | The economics of public issues / |
| Statement of responsibility, etc | Roger LeRoy Miller, Daniel K. Benjamin, Douglass C. North. |
| 250 ## - EDITION STATEMENT | |
| Edition statement | 17th ed., International ed. |
| 260 ## - PUBLICATION, DISTRIBUTION, ETC. (IMPRINT) | |
| Place of publication, distribution, etc | Upper Saddle River : |
| Name of publisher, distributor, etc | Pearson Education, |
| Date of publication, distribution, etc | c.2012. |
| 300 ## - PHYSICAL DESCRIPTION | |
| Extent | xvi, 238 p. ; |
| Dimensions | 22 cm. |
| 500 ## - GENERAL NOTE | |
| General note | Glossary : p. 209-217. |
| 500 ## - GENERAL NOTE | |
| General note | Index : p. 227-238. |
| 504 ## - BIBLIOGRAPHY, ETC. NOTE | |
| Bibliography, etc | Bibliography : p. 218-226. |
| 541 ## - IMMEDIATE SOURCE OF ACQUISITION NOTE | |
| Source of acquisition | BUE book fair. |
| 650 #7 - SUBJECT ADDED ENTRY--TOPICAL TERM | |
| Topical term or geographic name as entry element | Economic policy. |
| 9 (RLIN) | 3322 |
| Source of heading or term | BUEsh |
| 650 #7 - SUBJECT ADDED ENTRY--TOPICAL TERM | |
| Topical term or geographic name as entry element | Industrial policy. |
| 9 (RLIN) | 37029 |
| Source of heading or term | BUEsh |
| 650 #7 - SUBJECT ADDED ENTRY--TOPICAL TERM | |
| Topical term or geographic name as entry element | Economics. |
| 9 (RLIN) | 720 |
| Source of heading or term | BUEsh |
| 651 ## - SUBJECT ADDED ENTRY--GEOGRAPHIC NAME | |
| Source of heading or term | BUEsh |
| 653 ## - INDEX TERM--UNCONTROLLED | |
| Resource For college | BAEPS, Economics |
| Arrived date list | June2012 |
| -- | December2015 |
| 700 ## - ADDED ENTRY--PERSONAL NAME | |
| Personal name | Benjamin, Daniel K. |
| 9 (RLIN) | 30291 |
| 700 1# - ADDED ENTRY--PERSONAL NAME | |
| Personal name | North, Douglass Cecil. |
| 9 (RLIN) | 30292 |
| 942 ## - ADDED ENTRY ELEMENTS (KOHA) | |
| Source of classification or shelving scheme | Dewey Decimal Classification |
| Item type | Book - Borrowing |
| Withdrawn status | Item status | Source of classification or shelving scheme | Damaged status | Not for loan | Vendor | Home library | Current library | Shelving location | Date acquired | Source of acquisition | Cost, normal purchase price | Serial Enumeration / chronology | Total Checkouts | Total Renewals | Full call number | Barcode | Date last seen | Date last borrowed | Koha item type |
|---|---|---|---|---|---|---|---|---|---|---|---|---|---|---|---|---|---|---|---|
| Dewey Decimal Classification | Central Library | Central Library | First floor | 27/06/2012 | Purchase | 207.00 | 15316 | 2 | 4 | 330.973092 MIL | 000026899 | 15/07/2025 | 09/10/2013 | Book - Borrowing | |||||
| Dewey Decimal Classification | sphinx | Central Library | Central Library | First floor | 09/12/2015 | Purchase | 240.00 | 70156 | 330.973092 MIL | 000031498 | 15/07/2025 | Book - Borrowing | |||||||
| Dewey Decimal Classification | sphinx | Central Library | Central Library | First floor | 09/12/2015 | Purchase | 240.00 | 70156 | 330.973092 MIL | 000031499 | 15/07/2025 | Book - Borrowing |